000 00390pab a2200157 454500
008 180718b2004 xxu||||| |||| 00| 0 eng d
100 _aRobinson, Jennifer
245 _aA world of cities (a review article)
260 _c2004
300 _ap.569-78.
362 _aDec
650 _aUrban sociology
650 _aUrbanization
773 _aBritish Journal of Sociology
909 _a63687
999 _c63687
_d63687